Non-EU state European countries - Statistics

General Stats
  • This quiz has been taken 3,249 times
  • The average score is 16 of 19
Answer Stats
Hint Answer % Correct
United Kingdom
97%
Andorra
89%
Serbia
89%
Albania
88%
Belarus
87%
Norway
87%
Vatican City
87%
San Marino
86%
Ukraine
86%
Liechtenstein
84%
Russia
84%
Kosovo
83%
Bosnia & Herzegovina
82%
Switzerland
82%
Monaco
81%
Montenegro
81%
North Macedonia
81%
Moldova
80%
Iceland
74%
No matching quizzes found
Score Distribution
Percent of People with Each Score
Percentile by Number Answered
Your Score History
You have not taken this quiz